000 00752cam a22002653a 4500
001 31472
003 PGUSA
005 20140828083700.0
008 100302s2010||||xxu|||||s|||||000 1 eng d
040 _aPGUSA
_beng
042 _adc
050 4 _aPR
100 1 _aTracy, Louis,
_d1863-1928
245 1 0 _aCynthia's Chauffeur
_h[electronic resource] /
_cLouis Tracy
260 _bProject Gutenberg,
_c2010
506 _aPublic domain in the USA.
516 _aElectronic text
653 _aLove stories
653 _aAmericans -- England -- Fiction
653 _aChauffeurs -- Fiction
700 1 _aChristy, Howard Chandler,
_d1873-1952
830 0 _aProject Gutenberg
_v31472
856 4 0 _uhttp://www.gutenberg.org/ebooks/31472
942 _cEB
999 _c260727
_d260727